| 000 | 00605 a2200169 4500 | ||
|---|---|---|---|
| 020 | _a3527406611 | ||
| 020 | _a9783527406616 | ||
| 082 | _a539 | ||
| 090 |
_c1028 _d1028 |
||
| 100 | 1 | _aIII, Wendell T. Hill. | |
| 245 | 1 | 0 |
_aLight-matter interaction : _batoms and molecules in external fields and nonlinear optics / _cWendell T. Hill III, Chi H. Lee. |
| 260 |
_a[S.l.] : _bWiley-VCH, _c2007. |
||
| 300 |
_a325 p. ; _c24 cm. |
||
| 700 | 1 | _aLee, Chi H. | |
| 942 |
_aSNS _cBK _k539 HIL |
||
| 999 |
_c29646 _d29646 |
||